[Event "Satka Autumn 2019"]
[Site "Satka"]
[Date "2019.09.26"]
[Round "8.2"]
[White "Schepetkova, Margarita"]
[Black "Borisova, Ekaterina"]
[Result "0-1"]
[WhiteElo "2194"]
[BlackElo "2307"]
[Annotator "NA"]
[PlyCount "116"]
[EventDate "2019.09.19"]
[EventType "swiss"]
[EventCountry "RUS"]
[SourceTitle "playchess.com"]
[Source "ChessBase"]
[SourceQuality "1"]
[TimeControl "5400+30"]

1. d4 {[%emt 0:00:00]} Nf6 {[%emt 0:00:00]} 2. c4 {[%emt 0:00:00]} e6 {[%emt 0:00:00]} 3. g3 {[%emt 0:00:00]} d5 {[%emt 0:00:00]} 4. Bg2 {[%emt 0:00:03]} Bb4+ {[%emt 0:00:00]} 5. Nd2 {[%emt 0:00:18]} O-O {[%emt 0:00:00]} 6. Ngf3 {[%emt 0:00:08]} dxc4 {[%emt 0:00:00]} 7. Qc2 {[%emt 0:00:46]} a5 {[%emt 0:00:04]} 8. O-O {[%emt 0:09:00]} b5 {[%emt 0:00:11]} 9. a4 {[%emt 0:01:51]} c6 {[%emt 0:00:06]} 10. Rd1 {[%emt 0:09:17]} Bb7 {[%emt 0:08:25]} 11. b3 {[%emt 0:13:55]} cxb3 {[%emt 0:01:34]} 12. Nxb3 {[%emt 0:00:06]} Nbd7 {[%emt 0:00:10]} 13. Ne5 {[%emt 0:02:26]} Nd5 {[%emt 0:03:14]} 14. Bxd5 {[%emt 0:16:28]} cxd5 {[%emt 0:03:26]} 15. axb5 {[%emt 0:00:13]} Nxe5 {[%emt 0:04:32]} 16. dxe5 {[%emt 0:00:36]} Rc8 {[%emt 0:08:00]} 17. Qb1 {[%emt 0:00:09]} Qb6 {[%emt 0:02:14]} 18. Be3 {[%emt 0:02:07]} Qxb5 {[%emt 0:03:52]} 19. Nxa5 {[%emt 0:00:21]} Ba6 {[%emt 0:00:12]} 20. Nb3 {[%emt 0:01:32]} Bc3 {[%emt 0:03:57]} 21. Nd4 {[%emt 0:03:47]} Qxb1 {[%emt 0:02:58]} 22. Raxb1 {[%emt 0:00:25]} Bxd4 {[%emt 0:00:08]} 23. Rxd4 {[%emt 0:02:53]} Bxe2 {[%emt 0:00:08]} 24. Kg2 {[%emt 0:00:29]} h5 {[%emt 0:03:23]} 25. f3 {[%emt 0:02:29]} Rc2 {[%emt 0:01:47]} 26. Rc1 {[%emt 0:01:45]} Rxc1 {[%emt 0:01:33]} 27. Bxc1 {[%emt 0:00:03]} Rc8 {[%emt 0:00:09]} 28. Be3 {[%emt 0:00:12]} Kh7 {[%emt 0:01:31]} 29. Rh4 {[%emt 0:09:46]} Kg6 {[%emt 0:00:19]} 30. g4 {[%emt 0:00:13]} hxg4 {[%emt 0:01:19]} 31. Rxg4+ {[%emt 0:00:03]} Kh7 {[%emt 0:00:09]} 32. h4 {[%emt 0:00:34]} Rc2 {[%emt 0:09:46]} 33. Rd4 {[%emt 0:05:13]} Bd3+ {[%emt 0:01:26]} 34. Kg3 {[%emt 0:00:05]} Bg6 {[%emt 0:00:29]} 35. Bd2 {[%emt 0:03:38]} Bh5 {[%emt 0:00:50]} 36. Kf4 {[%emt 0:00:53]} Kg6 {[%emt 0:00:43]} 37. Ke3 {[%emt 0:04:43]} f6 {[%emt 0:00:50]} 38. exf6 {[%emt 0:01:29]} gxf6 {[%emt 0:00:12]} 39. Rd3 {[%emt 0:03:14]} Kf5 {[%emt 0:01:18]} 40. Rd4 {[%emt 0:00:00]} Ra2 {[%emt 0:00:00]} 41. Bb4 {[%emt 0:00:00]} Rh2 {[%emt 0:00:00]} 42. Rf4+ {[%emt 0:00:00]} Kg6 {[%emt 0:00:00]} 43. Be7 {[%emt 0:00:00]} f5 {[%emt 0:00:00]} 44. Rd4 {[%emt 0:00:00]} Rh3 {[%emt 0:00:00]} 45. Kf4 {[%emt 0:00:00]} Rxf3+ {[%emt 0:00:00]} 46. Ke5 {[%emt 0:00:00]} Re3+ {[%emt 0:00:00]} 47. Kd6 {[%emt 0:00:00]} Bf3 {[%emt 0:00:00]} 48. Bg5 {[%emt 0:00:00]} Re2 {[%emt 0:00:00]} 49. Bf4 {[%emt 0:00:00]} Kh5 {[%emt 0:00:00]} 50. Be5 {[%emt 0:00:00]} Be4 {[%emt 0:00:00]} 51. Kxe6 {[%emt 0:00:00]} Kxh4 {[%emt 0:00:00]} 52. Rb4 {[%emt 0:00:00]} Ra2 {[%emt 0:00:00]} 53. Bc7 {[%emt 0:00:00]} Kg4 {[%emt 0:00:00]} 54. Rb8 {[%emt 0:00:00]} d4 {[%emt 0:00:00]} 55. Be5 {[%emt 0:00:00]} Ra6+ {[%emt 0:00:00]} 56. Kf7 {[%emt 0:00:00]} d3 {[%emt 0:00:00]} 57. Rd8 {[%emt 0:00:00]} Kf3 {[%emt 0:00:00]} 58. Bc3 {[%emt 0:00:00]} Ke2 {[%emt 0:00:00]} 0-1

[Event "Satka Autumn 2019"]
[Site "Satka"]
[Date "2019.09.26"]
[Round "8.3"]
[White "Bykova, Anastasia"]
[Black "Nosacheva, Mariya"]
[Result "1/2-1/2"]
[WhiteElo "2259"]
[BlackElo "2193"]
[Annotator "NA"]
[PlyCount "120"]
[EventDate "2019.09.19"]
[EventType "swiss"]
[EventCountry "RUS"]
[SourceTitle "playchess.com"]
[Source "ChessBase"]
[SourceQuality "1"]
[TimeControl "5400+30"]

1. d4 {[%emt 0:00:00]} Nf6 {[%emt 0:00:00]} 2. g3 {[%emt 0:00:00]} g6 {[%emt 0:00:00]} 3. Bg2 {[%emt 0:00:00]} Bg7 {[%emt 0:00:00]} 4. e4 {[%emt 0:00:00]} d6 {[%emt 0:00:19]} 5. Nc3 {[%emt 0:00:00]} O-O {[%emt 0:00:45]} 6. Nge2 {[%emt 0:00:00]} c5 {[%emt 0:00:19]} 7. dxc5 {[%emt 0:05:44]} dxc5 {[%emt 0:00:28]} 8. e5 {[%emt 0:01:30]} Qxd1+ {[%emt 0:02:14]} 9. Nxd1 {[%emt 0:00:10]} Ng4 {[%emt 0:03:29]} 10. f4 {[%emt 0:00:30]} f6 {[%emt 0:03:26]} 11. h3 {[%emt 0:03:42]} Nh6 {[%emt 0:00:08]} 12. exf6 {[%emt 0:01:16]} exf6 {[%emt 0:02:08]} 13. Kf2 {[%emt 0:04:11]} Na6 {[%emt 0:01:21]} 14. c3 {[%emt 0:19:28]} Rb8 {[%emt 0:02:40]} 15. Ne3 {[%emt 0:04:53]} Be6 {[%emt 0:01:05]} 16. Nd5 {[%emt 0:00:50]} Nf5 {[%emt 0:08:17]} 17. Rd1 {[%emt 0:00:39]} Rbd8 {[%emt 0:03:04]} 18. g4 {[%emt 0:05:13]} Nd6 {[%emt 0:01:38]} 19. f5 {[%emt 0:08:59]} gxf5 {[%emt 0:02:59]} 20. Nef4 {[%emt 0:06:12]} Bf7 {[%emt 0:07:55]} 21. Ne7+ {[%emt 0:01:39]} Kh8 {[%emt 0:00:11]} 22. Nxf5 {[%emt 0:00:11]} Nxf5 {[%emt 0:00:29]} 23. Rxd8 {[%emt 0:00:14]} Rxd8 {[%emt 0:00:07]} 24. gxf5 {[%emt 0:00:03]} b6 {[%emt 0:00:52]} 25. Be3 {[%emt 0:04:24]} Nc7 {[%emt 0:01:43]} 26. Rc1 {[%emt 0:05:01]} Bh6 {[%emt 0:04:19]} 27. c4 {[%emt 0:04:41]} Re8 {[%emt 0:00:29]} 28. Rd1 {[%emt 0:03:55]} Bxc4 {[%emt 0:02:40]} 29. Rd7 {[%emt 0:00:02]} Nb5 {[%emt 0:02:13]} 30. b3 {[%emt 0:01:15]} Bg8 {[%emt 0:01:48]} 31. Ng6+ {[%emt 0:06:04]} hxg6 {[%emt 0:00:11]} 32. Bxh6 {[%emt 0:00:02]} gxf5 {[%emt 0:00:32]} 33. Bc6 {[%emt 0:01:03]} a6 {[%emt 0:01:49]} 34. Bg7+ {[%emt 0:04:12]} Kh7 {[%emt 0:00:07]} 35. Bf8+ {[%emt 0:00:41]} Kh8 {[%emt 0:00:33]} 36. Bg7+ {[%emt 0:01:47]} Kh7 {[%emt 0:00:02]} 37. Bxf6+ {[%emt 0:00:29]} Kg6 {[%emt 0:01:42]} 38. Bb2 {[%emt 0:02:05]} Bf7 {[%emt 0:02:24]} 39. Rb7 {[%emt 0:03:07]} Rd8 {[%emt 0:02:15]} 40. Rxb6 {[%emt 0:00:00]} Rd2+ {[%emt 0:00:00]} 41. Kg3 {[%emt 0:00:00]} Rxb2 {[%emt 0:00:00]} 42. Bxb5+ {[%emt 0:00:00]} Kg7 {[%emt 0:00:00]} 43. Rxa6 {[%emt 0:00:00]} Bxb3 {[%emt 0:00:00]} 44. a4 {[%emt 0:00:00]} c4 {[%emt 0:00:00]} 45. Rc6 {[%emt 0:00:00]} f4+ {[%emt 0:00:00]} 46. Kxf4 {[%emt 0:00:00]} Ra2 {[%emt 0:00:00]} 47. Kg5 {[%emt 0:00:00]} Bxa4 {[%emt 0:00:00]} 48. Rc7+ {[%emt 0:00:00]} Kf8 {[%emt 0:00:00]} 49. Bxc4 {[%emt 0:00:00]} Rg2+ {[%emt 0:00:00]} 50. Kf6 {[%emt 0:00:00]} Rf2+ {[%emt 0:00:00]} 51. Ke5 {[%emt 0:00:00]} Be8 {[%emt 0:00:00]} 52. Be6 {[%emt 0:00:00]} Bf7 {[%emt 0:00:00]} 53. Bf5 {[%emt 0:00:00]} Kg7 {[%emt 0:00:00]} 54. Ra7 {[%emt 0:00:00]} Rf1 {[%emt 0:00:00]} 55. Be4 {[%emt 0:00:00]} Kh6 {[%emt 0:01:35]} 56. h4 {[%emt 0:00:00]} Kh5 {[%emt 0:01:16]} 57. Ra4 {[%emt 0:00:00]} Bg6 {[%emt 0:03:04]} 58. Bd5 {[%emt 0:00:00]} Rf2 {[%emt 0:00:42]} 59. Bb3 {[%emt 0:01:26]} Bc2 {[%emt 0:01:29]} 60. Ra2 {[%emt 0:01:20]} Rf5+ {[%emt 0:00:08] Ke4} 1/2-1/2

[Event "Satka Autumn 2019"]
[Site "Satka"]
[Date "2019.09.26"]
[Round "8.4"]
[White "Lysenko, Margarita"]
[Black "Charochkina, Daria"]
[Result "1/2-1/2"]
[WhiteElo "2249"]
[BlackElo "2360"]
[Annotator "NA"]
[PlyCount "108"]
[EventDate "2019.09.19"]
[EventType "swiss"]
[EventCountry "RUS"]
[SourceTitle "playchess.com"]
[Source "ChessBase"]
[SourceQuality "1"]
[TimeControl "5400+30"]

1. d4 {[%emt 0:00:00]} g6 {[%emt 0:00:00]} 2. c4 {[%emt 0:01:05]} Bg7 {[%emt 0:00:00]} 3. Nf3 {[%emt 0:01:50]} c5 {[%emt 0:00:00]} 4. d5 {[%emt 0:01:52]} f5 {[%emt 0:07:01]} 5. g3 {[%emt 0:04:43]} Nf6 {[%emt 0:00:12]} 6. Nc3 {[%emt 0:18:45]} d6 {[%emt 0:00:46]} 7. Bg2 {[%emt 0:01:51]} O-O {[%emt 0:00:11]} 8. O-O {[%emt 0:00:52]} Na6 {[%emt 0:02:00]} 9. Ne1 {[%emt 0:15:36]} Nc7 {[%emt 0:04:58]} 10. Nd3 {[%emt 0:00:57]} e5 {[%emt 0:02:03]} 11. dxe6 {[%emt 0:02:11]} Bxe6 {[%emt 0:01:07]} 12. Qb3 {[%emt 0:12:48]} Rb8 {[%emt 0:01:32]} 13. a4 {[%emt 0:03:27]} Bf7 {[%emt 0:02:38]} 14. Nf4 {[%emt 0:09:08]} Re8 {[%emt 0:02:39]} 15. Nb5 {[%emt 0:05:53]} a6 {[%emt 0:03:30]} 16. Nxc7 {[%emt 0:00:23]} Qxc7 {[%emt 0:00:04]} 17. a5 {[%emt 0:00:26]} g5 {[%emt 0:02:47]} 18. Nd3 {[%emt 0:02:00]} h6 {[%emt 0:03:05]} 19. Qc2 {[%emt 0:00:20]} Rbc8 {[%emt 0:24:46]} 20. b3 {[%emt 0:04:13]} Qe7 {[%emt 0:03:00]} 21. Re1 {[%emt 0:02:15]} d5 {[%emt 0:00:41]} 22. Bb2 {[%emt 0:01:00]} Ne4 {[%emt 0:03:32]} 23. Bxg7 {[%emt 0:01:15]} Kxg7 {[%emt 0:00:03]} 24. cxd5 {[%emt 0:01:06]} Bxd5 {[%emt 0:00:47]} 25. f3 {[%emt 0:02:14]} Nf6 {[%emt 0:03:27]} 26. e4 {[%emt 0:00:20]} Bxb3 {[%emt 0:01:00]} 27. Qc3 {[%emt 0:02:51]} c4 {[%emt 0:17:20]} 28. exf5 {[%emt 0:00:42]} Qd6 {[%emt 0:00:08]} 29. Nf2 {[%emt 0:01:08]} Qc5 {[%emt 0:02:46]} 30. Kf1 {[%emt 0:02:18]} Kf7 {[%emt 0:01:28]} 31. f4 {[%emt 0:01:28]} gxf4 {[%emt 0:05:23]} 32. Bxb7 {[%emt 0:00:19]} Rcd8 {[%emt 0:00:48]} 33. Bf3 {[%emt 0:00:39]} Qxf5 {[%emt 0:02:15]} 34. Kg2 {[%emt 0:00:29]} Nd5 {[%emt 0:02:04]} 35. Bxd5+ {[%emt 0:00:20]} Qxd5+ {[%emt 0:00:02]} 36. Kg1 {[%emt 0:00:41]} fxg3 {[%emt 0:01:16]} 37. hxg3 {[%emt 0:00:05]} Kg6 {[%emt 0:01:57]} 38. Re3 {[%emt 0:00:51]} Rxe3 {[%emt 0:00:35]} 39. Qxe3 {[%emt 0:00:02]} Qd4 {[%emt 0:00:26]} 40. Qe6+ {[%emt 0:00:00]} Qf6 {[%emt 0:00:00]} 41. Qe4+ {[%emt 0:00:00]} Kg7 {[%emt 0:00:00]} 42. Qb7+ {[%emt 0:00:00]} Kh8 {[%emt 0:00:00]} 43. Re1 {[%emt 0:00:00]} Rg8 {[%emt 0:00:00]} 44. Ne4 {[%emt 0:00:00]} Qd4+ {[%emt 0:00:00]} 45. Kh2 {[%emt 0:00:00]} Bc2 {[%emt 0:00:00]} 46. Qb6 {[%emt 0:00:00]} Qg7 {[%emt 0:00:00]} 47. Qf2 {[%emt 0:00:22]} Bxe4 {[%emt 0:00:00]} 48. Rxe4 {[%emt 0:00:03]} c3 {[%emt 0:00:00]} 49. Rc4 {[%emt 0:01:23]} Rd8 {[%emt 0:00:00]} 50. Qf5 {[%emt 0:00:59]} Re8 {[%emt 0:03:44]} 51. Rc8 {[%emt 0:02:42]} Rxc8 {[%emt 0:01:42]} 52. Qxc8+ {[%emt 0:00:06]} Kh7 {[%emt 0:00:02]} 53. Qf5+ {[%emt 0:01:16]} Kg8 {[%emt 0:01:54]} 54. Qe6+ {[%emt 0:00:35]} Kh7 {[%emt 0:00:38]} 1/2-1/2

[Event "Satka Autumn 2019"]
[Site "Satka"]
[Date "2019.09.26"]
[Round "8.5"]
[White "Dubnikova, Anastasia"]
[Black "Petrenko, Svetlana"]
[Result "1-0"]
[WhiteElo "2056"]
[BlackElo "2200"]
[Annotator "NA"]
[PlyCount "110"]
[EventDate "2019.09.19"]
[EventType "swiss"]
[EventCountry "RUS"]
[SourceTitle "playchess.com"]
[Source "ChessBase"]
[SourceQuality "1"]
[TimeControl "5400+30"]

1. Nf3 {[%emt 0:00:00]} b5 {[%emt 0:00:01]} 2. d4 {[%emt 0:00:00]} Bb7 {[%emt 0:00:55]} 3. e4 {[%emt 0:01:48]} a6 {[%emt 0:02:18]} 4. Bd3 {[%emt 0:00:17]} d6 {[%emt 0:06:06]} 5. a4 {[%emt 0:02:41]} b4 {[%emt 0:07:32]} 6. a5 {[%emt 0:07:46]} e6 {[%emt 0:01:45]} 7. c3 {[%emt 0:07:36]} c5 {[%emt 0:10:45]} 8. cxb4 {[%emt 0:02:23]} cxb4 {[%emt 0:02:34]} 9. Nbd2 {[%emt 0:02:36]} d5 {[%emt 0:00:55]} 10. e5 {[%emt 0:07:11]} Ne7 {[%emt 0:05:36]} 11. h4 {[%emt 0:03:57]} h6 {[%emt 0:01:10]} 12. Nb3 {[%emt 0:00:47]} Nd7 {[%emt 0:01:30]} 13. Bd2 {[%emt 0:03:36]} Nc6 {[%emt 0:00:05]} 14. h5 {[%emt 0:02:12]} Qb8 {[%emt 0:07:57]} 15. Rh4 {[%emt 0:08:07]} f5 {[%emt 0:16:32]} 16. g4 {[%emt 0:04:26]} Be7 {[%emt 0:00:45]} 17. gxf5 {[%emt 0:00:19]} Ndxe5 {[%emt 0:05:20]} 18. dxe5 {[%emt 0:00:45]} Bxh4 {[%emt 0:10:15]} 19. Nxh4 {[%emt 0:00:58]} Qxe5+ {[%emt 0:02:50]} 20. Qe2 {[%emt 0:00:18]} O-O {[%emt 0:03:23]} 21. Ng6 {[%emt 0:02:44]} Qxe2+ {[%emt 0:00:30]} 22. Kxe2 {[%emt 0:00:06]} Rfe8 {[%emt 0:01:32]} 23. fxe6 {[%emt 0:00:58]} Rxe6+ {[%emt 0:00:01]} 24. Kf1 {[%emt 0:00:15]} Ree8 {[%emt 0:01:20]} 25. Ra4 {[%emt 0:02:27]} Bc8 {[%emt 0:05:08]} 26. Nc5 {[%emt 0:00:21]} Ne5 {[%emt 0:02:57]} 27. Nxe5 {[%emt 0:00:49]} Rxe5 {[%emt 0:00:01]} 28. Bf4 {[%emt 0:01:26]} Rxh5 {[%emt 0:00:49]} 29. Rxb4 {[%emt 0:00:28]} Rh1+ {[%emt 0:00:48]} 30. Kg2 {[%emt 0:00:23]} Ra1 {[%emt 0:00:03]} 31. Nb3 {[%emt 0:01:54]} Re1 {[%emt 0:00:07]} 32. Be3 {[%emt 0:00:29]} h5 {[%emt 0:00:59]} 33. Rd4 {[%emt 0:05:45]} Rb8 {[%emt 0:01:39]} 34. Nc5 {[%emt 0:00:06]} Rxb2 {[%emt 0:00:16]} 35. Bg5 {[%emt 0:01:04]} Re5 {[%emt 0:02:05]} 36. Bf4 {[%emt 0:00:05]} Re8 {[%emt 0:00:23]} 37. Rxd5 {[%emt 0:03:26]} Bg4 {[%emt 0:00:04]} 38. Rg5 {[%emt 0:05:01]} Rb4 {[%emt 0:01:14]} 39. Be5 {[%emt 0:00:57]} Re7 {[%emt 0:00:10]} 40. f3 {[%emt 0:00:00]} Bd7 {[%emt 0:00:00]} 41. Bd6 {[%emt 0:00:00]} Rf7 {[%emt 0:00:00]} 42. Rxh5 {[%emt 0:00:00]} Rf6 {[%emt 0:00:00]} 43. Be5 {[%emt 0:00:00]} Rxf3 {[%emt 0:00:00]} 44. Bh7+ {[%emt 0:00:00]} Kf7 {[%emt 0:00:00]} 45. Nxd7 {[%emt 0:00:00]} Ra3 {[%emt 0:00:00]} 46. Bg3 {[%emt 0:00:00]} Rb2+ {[%emt 0:00:00]} 47. Kh3 {[%emt 0:00:49]} Rb5 {[%emt 0:00:00]} 48. Ne5+ {[%emt 0:00:37]} Kf6 {[%emt 0:01:33]} 49. Rf5+ {[%emt 0:01:54]} Ke6 {[%emt 0:00:41]} 50. Rf8 {[%emt 0:01:30]} Ke7 {[%emt 0:02:12]} 51. Rf7+ {[%emt 0:01:20]} Ke8 {[%emt 0:01:46]} 52. Bg6 {[%emt 0:00:53]} Rbb3 {[%emt 0:00:22]} 53. Rxg7+ {[%emt 0:00:53]} Kf8 {[%emt 0:00:48]} 54. Rf7+ {[%emt 0:00:13]} Ke8 55. Rf3+ Kd8 1-0

[Event "Satka Autumn 2019"]
[Site "Satka"]
[Date "2019.09.26"]
[Round "8.6"]
[White "Semenova, Elena"]
[Black "Makarenko, Alexandra"]
[Result "1-0"]
[WhiteElo "2303"]
[BlackElo "2169"]
[Annotator "TA"]
[PlyCount "47"]
[EventDate "2019.09.19"]
[EventType "swiss"]
[EventCountry "RUS"]
[SourceTitle "playchess.com"]
[Source "ChessBase"]
[SourceQuality "1"]

{[%evp 11,55,22,63,-11,42,-24,71,14,147,131,154,73,142,148,401,393,501,498,530,472,586,572,554,488,1470,1477,1325,1188,1464,1002,1252,1062,1390,1323,1229,1052,1270,1144,1157,1162,1149,1121,1104,1072,3162,3118]} 1. d4 Nf6 2. c4 e6 3. g3 d5 4. Bg2 dxc4 5. Nf3 c6 6. a4 b5 7. Nfd2 $146 {E04: Open Catalan: 5 Nf3} ({White should try} 7. Ne5 $14) ({Predecessor:} 7. O-O Bb7 8. Ne5 a6 9. Nc3 Nd5 10. e4 Nxc3 11. bxc3 Be7 12. Rb1 Qc8 13. Qg4 g6 14. f4 Nd7 15. f5 Nxe5 16. dxe5 h5 17. Qf3 exf5 18. exf5 Qxf5 19. Qxc6+ Bxc6 20. Bxc6+ {½-½ (78) Inarkiev,E (2689)-Piorun,K (2651) Katowice 2017}) 7... Qa5 (7... Nd5 $1 $11) 8. Nc3 (8. Na3 $14) 8... Nd5 (8... Ba6 $11) 9. O-O (9. Nxd5 $16 {And now Ne3 would win.} exd5 10. e4) 9... Nxc3 (9... Nd7 $11 {remains equal.}) 10. bxc3 $16 Bb7 {[#]} 11. Rb1 (11. Qc2 $142 $1) 11... a6 {[#]} (11... Qc7 $142) 12. Nxc4 $1 {[%mdl 576] Pin} Qxc3 $2 {[%mdl 8192]} (12... Qd8 $16 13. Bf4 Be7) (12... bxc4 13. Rxb7) 13. Nb6 $18 Ra7 14. Bf4 {White is clearly winning.} Nd7 15. Rc1 Qa5 16. Nxd7 Kxd7 17. Qc2 {[%cal Rg2c6]} Qxa4 (17... Bb4 $142 18. Bxc6+ Bxc6) 18. Bxc6+ Kd8 19. Qe4 Bc8 20. Bb8 Re7 21. Ra1 Qc4 22. Rfc1 Qb4 23. Rab1 Qa4 24. Bd6 {Played: Qe4-e5} 1-0

[Event "Satka Autumn 2019"]
[Site "Satka"]
[Date "2019.09.26"]
[Round "8.7"]
[White "Benderac, Ana"]
[Black "Filippova, Darya"]
[Result "1-0"]
[WhiteElo "2228"]
[BlackElo "2110"]
[Annotator "NA"]
[PlyCount "93"]
[EventDate "2019.09.19"]
[EventType "swiss"]
[EventCountry "RUS"]
[SourceTitle "playchess.com"]
[Source "ChessBase"]
[SourceQuality "1"]
[TimeControl "5400+30"]

1. d4 {[%emt 0:00:00]} e6 {[%emt 0:00:00]} 2. c4 {[%emt 0:00:31]} f5 {[%emt 0:00:14]} 3. g3 {[%emt 0:02:50]} Nf6 {[%emt 0:01:27]} 4. Bg2 {[%emt 0:03:50]} Be7 {[%emt 0:12:57]} 5. Nh3 {[%emt 0:02:01]} O-O {[%emt 0:04:36]} 6. O-O {[%emt 0:00:35]} d5 {[%emt 0:05:13]} 7. b3 {[%emt 0:01:07]} c6 {[%emt 0:00:28]} 8. Ba3 {[%emt 0:03:51]} Re8 {[%emt 0:08:58]} 9. Bxe7 {[%emt 0:04:23]} Rxe7 {[%emt 0:00:24]} 10. Qc2 {[%emt 0:07:52]} Nbd7 {[%emt 0:05:58]} 11. Nf4 {[%emt 0:04:32]} g5 {[%emt 0:01:15]} 12. Nd3 {[%emt 0:00:09]} Rg7 {[%emt 0:05:30]} 13. Nd2 {[%emt 0:03:32]} Nf8 {[%emt 0:05:03]} 14. Qb2 {[%emt 0:13:28]} Bd7 {[%emt 0:01:29]} 15. b4 {[%emt 0:02:21]} Be8 {[%emt 0:01:57]} 16. Ne5 {[%emt 0:00:37]} Ng6 {[%emt 0:02:18]} 17. a4 {[%emt 0:06:55]} Rc8 {[%emt 0:04:18]} 18. a5 {[%emt 0:04:34]} a6 {[%emt 0:01:12]} 19. Nb3 {[%emt 0:00:58]} Nd7 {[%emt 0:04:52]} 20. Nxd7 {[%emt 0:05:41]} Qxd7 {[%emt 0:00:41]} 21. Nc5 {[%emt 0:00:05]} Qd6 {[%emt 0:00:40]} 22. Ra3 {[%emt 0:00:28]} Rcc7 {[%emt 0:02:43]} 23. Re1 {[%emt 0:04:07]} Rce7 {[%emt 0:00:51]} 24. Nd3 {[%emt 0:05:45]} h5 {[%emt 0:03:37]} 25. Ne5 {[%emt 0:00:32]} g4 {[%emt 0:01:17]} 26. h4 {[%emt 0:03:31]} gxh3 {[%emt 0:03:44]} 27. Bxh3 {[%emt 0:01:48]} Nxe5 {[%emt 0:02:29]} 28. dxe5 {[%emt 0:00:04]} Qd8 {[%emt 0:00:43]} 29. Qd4 {[%emt 0:02:02]} Rd7 {[%emt 0:01:12]} 30. c5 {[%emt 0:02:07]} h4 {[%emt 0:01:01]} 31. Kh2 {[%emt 0:03:11]} hxg3+ {[%emt 0:00:14]} 32. Rxg3 {[%emt 0:00:05]} Rxg3 {[%emt 0:00:07]} 33. fxg3 {[%emt 0:03:47]} Rg7 {[%emt 0:01:31]} 34. Qf4 {[%emt 0:03:23]} Qg5 {[%emt 0:01:38]} 35. Qxg5 {[%emt 0:03:45]} Rxg5 {[%emt 0:00:09]} 36. Rf1 {[%emt 0:00:21]} Bf7 {[%emt 0:00:40]} 37. e3 {[%emt 0:00:16]} Kf8 {[%emt 0:00:21]} 38. Rf4 {[%emt 0:00:04]} Ke7 {[%emt 0:00:34]} 39. Bf1 {[%emt 0:00:44]} Be8 {[%emt 0:00:50]} 40. Be2 {[%emt 0:00:00]} Rg7 {[%emt 0:00:00]} 41. Rh4 {[%emt 0:00:00]} Bg6 {[%emt 0:00:00]} 42. Rh8 {[%emt 0:00:00]} Rh7+ {[%emt 0:00:00]} 43. Rxh7+ {[%emt 0:00:00]} Bxh7 {[%emt 0:00:00]} 44. Bh5 {[%emt 0:00:00]} d4 {[%emt 0:00:00]} 45. exd4 {[%emt 0:00:00]} f4 {[%emt 0:00:00]} 46. gxf4 {[%emt 0:00:00]} Bf5 {[%emt 0:00:00]} 47. Kg3 {[%emt 0:00:00]} 1-0